| Поле | Название | Значение |
| |
Тип записи |
a |
| |
Библиографический уровень |
m |
| 001 |
Контрольный номер |
RU\NLR\BIBL_A\022446373 |
| 005 |
Дата корректировки |
20260421093125.1 |
| 010 |
Индекс ISBN |
__ |
| a |
ISBN |
978-5-392-41686-8 |
| 9 |
Тираж |
5000 экз. |
| 100 |
Данные общей обработки |
__ |
| a |
Данные общей обработки |
20250205d2025 u y0rusy0189 ca |
| 101 |
Язык документа |
0_ |
| a |
Язык текста |
rus |
| 102 |
Страна публикации |
__ |
| a |
Страна публикации |
RU |
| 105 |
Кодированные данные (монография) |
__ |
| a |
Кодированные данные (монография) |
a j 000zy |
| 200 |
Заглавие и сведения об ответственности |
1_ |
| a |
Заглавие |
Борис Годунов |
| e |
Сведения, относящиеся к заглавию |
подробный иллюстрированный комментарий |
| e |
Сведения, относящиеся к заглавию |
учебное пособие |
| f |
Первые сведения об ответственности |
А. С. Пушкин |
| g |
Последующие сведения об ответственности |
текст комментариев, подбор иллюстраций Дмитрия Володихина |
| 203 |
Вид содержания и тип средства |
__ |
| a |
Вид содержания |
Текст |
| a |
Вид содержания |
Изображение |
| b |
Характеристика содержания |
визуальные |
| c |
Тип средства |
непосредственные |
| 210 |
Выходные данные |
1_ |
| a |
Место издания |
Москва |
| c |
Издательство |
Проспект |
| d |
Дата издания |
2025 |
| 215 |
Физическое описание |
__ |
| a |
Объем |
143 с. |
| c |
Иллюстрации/тип воспроизводства |
ил., факс., цв. ил., портр. |
| d |
Формат |
24 см |
| 225 |
Серия |
1_ |
| a |
Серия |
Книга в книге |
| 606 |
Тематические рубрики |
0_ |
| a |
Основная рубрика |
Русская литература |
| z |
Хронологическая подрубрика |
19 в. |
| 606 |
Тематические рубрики |
0_ |
| a |
Основная рубрика |
Трагедии (х. л.) |
| 610 |
Ключевые слова |
0_ |
| a |
Ключевые слова |
русская литература 19 в.; проза русская; трагедия |
| 686 |
Индексы других классификаций |
__ |
| a |
Классификационный индекс |
83.3(2=Рус)5-8 |
| 2 |
Код системы |
rubbk |
| 686 |
Индексы других классификаций |
__ |
| a |
Классификационный индекс |
84Р1-4 |
| 2 |
Код системы |
rubbk |
| 700 |
Автор |
_1 |
| a |
Фамилия |
Пушкин |
| b |
Имя (инициалы) |
А. С. |
| c |
Титул (звания) |
поэт |
| f |
Даты |
1799-1837 |
| g |
Полное личное имя |
Александр Сергеевич |
| 702 |
Вторичная интеллектуальная ответственность |
_1 |
| a |
Фамилия |
Володихин |
| b |
Имя (инициалы) |
Д. М. |
| f |
Даты |
1969- |
| g |
Полное личное имя |
Дмитрий Михайлович |
| 4 |
Код отношения |
210 |
| 801 |
Источник записи |
_0 |
| a |
Страна |
RU |
| b |
Организация |
NLR |
| c |
Дата составления |
20250205 |
| g |
Правила каталогизации |
RCR |
| 801 |
Источник записи |
_1 |
| a |
Страна |
RU |
| b |
Организация |
NLR |
| c |
Дата составления |
20250205 |
| 2 |
Код формата |
rusmarc |
| 801 |
Источник записи |
_2 |
| a |
Страна |
RU |
| b |
Организация |
Ульяновская ОНБ |
| c |
Дата составления |
20260401 |
| g |
Правила каталогизации |
RCR |
| 900 |
Электронные ресурсы |
__ |
| a |
Имя электронного ресурса |
проспект2026 |
| 901 |
Тип документа |
__ |
| t |
Тип документа |
m |
| 909 |
Создатель записи |
__ |
| a |
Создатель записи |
Макушик |
| b |
Дата создания записи |
20260401 |
| 910 |
Корректоры записи |
__ |
| a |
Корректор записи |
Пряхина |
| b |
Дата внесения изменения в запись |
20260421 |